Tableau des médailles olympiques - Volley-ball - Statistiques

Statistiques générales
  • Ce quiz a été pris 134 fois
    52 depuis la dernière actualisation
  • Le résultat moyen est 13 sur 17
Statistiques - réponses
Total Or Argent Bronze Pays % Correct
13 4 4 5 États-Unis
100%
2 2 0 0 France
100%
12 5 4 3 Brésil
96%
9 3 3 3 Japon
94%
7 1 3 3 Italie
91%
2 0 2 0 Allemagne de l’Est
89%
4 1 1 2 Pologne
89%
6 1 3 2 Russie
87%
6 3 1 2 Chine
85%
2 0 0 2 Argentine
79%
12 7 4 1 Union soviétique
74%
2 1 1 0 Pays-Bas
64%
2 0 1 1 Serbie
60%
5 3 0 2 Cuba
53%
2 0 1 1 Bulgarie
47%
2 1 0 1 Yougoslavie
45%
2 0 1 1 Tchécoslovaquie
40%
Aucun quiz correspondant
Distribution des résultats
% des personnes avec chaque résultat
Percentile par nombre de réponses
Votre historique - résultats
Vous n’avez pas pris ce quiz depuis la dernière actualisation